Twist of truth / (Record no. 124980)

MARC details
000 -LEADER
fixed length control field 00695nam a22002537a 4500
003 - CONTROL NUMBER IDENTIFIER
control field dpl
005 - DATE AND TIME OF LATEST TRANSACTION
control field 20180730155934.0
008 - FIXED-LENGTH DATA ELEMENTS--GENERAL INFORMATION
fixed length control field 180730b xxu||||| |||| 00| 0 eng d
010 ## - LIBRARY OF CONGRESS CONTROL NUMBER
LC control number B-059521
020 ## - INTERNATIONAL STANDARD BOOK NUMBER
Terms of availability 00.00
035 ## - SYSTEM CONTROL NUMBER
System control number B-059521, B-059530
037 ## - SOURCE OF ACQUISITION
Source of stock number/acquisition Cen Lib/Ret
040 ## - CATALOGING SOURCE
Original cataloging agency DPL
Language of cataloging EN
Transcribing agency 0
082 ## - DEWEY DECIMAL CLASSIFICATION NUMBER
Classification number N
Item number CHA
100 ## - MAIN ENTRY--PERSONAL NAME
Personal name Chawla,Nishi
9 (RLIN) 12583
245 ## - TITLE STATEMENT
Title Twist of truth /
Statement of responsibility, etc by Nishi Chawla
260 ## - PUBLICATION, DISTRIBUTION, ETC. (IMPRINT)
Place of publication, distribution, etc New Delhi
Name of publisher, distributor, etc Har-Anand publications
Date of publication, distribution, etc 2001
270 ## - ADDRESS
Address D-9,Anand Niketan
City New Delhi
Postal code 110021
300 ## - PHYSICAL DESCRIPTION
Extent 120p.
Dimensions 21cm(Hb)
500 ## - GENERAL NOTE
General note Includes glossary
650 ## - SUBJECT ADDED ENTRY--TOPICAL TERM
Topical term or geographic name as entry element English literature
9 (RLIN) 73701
650 ## - SUBJECT ADDED ENTRY--TOPICAL TERM
Topical term or geographic name as entry element Novel -Terrorism
9 (RLIN) 73702
942 ## - ADDED ENTRY ELEMENTS (KOHA)
Source of classification or shelving scheme Dewey Decimal Classification
Koha item type English Books
Classification part N
Call number suffix CHA
Holdings
Withdrawn status Lost status Damaged status Not for loan Home library Current library Date acquired Source of acquisition Cost, normal purchase price Total Checkouts Full call number Barcode Date last seen Copy number Cost, replacement price Price effective from Koha item type Public note Source of classification or shelving scheme Collection code
Written off       Central Library Central Library 19/06/2015 Cen Lib/Ret 0.00   N CHA B-059521 19/06/2015 1 0.00 15/09/2016 English Books W/d List No. 6853/24 ; dtd 21/07/2020    
        Shahdara Branch Shahdara Branch 30/07/2018 BPPD/PUB 0.00   N CHA B-059530 30/07/2018   0.00 30/07/2018 English Books   Dewey Decimal Classification Fiction

© Delhi Public Library
Hit Counter
free hit counter